1709 1193 1569 1625 1236 1852 1319 1596 1852 1682 1200 1077 1011 1169 1793 1352 1455 1336 1273 1764 1479 1563 1995 1386 1687 1937 1892 1708 1540 1977 1296 1835 1874 1775 1132 1656 1153 1410 1378 1994 1864 1953 1944 1659 1537 1817 1963 1583 1822 1983 1896 1565 1857 1196 1771 1299 1119 1390 1912 1547 1683 1281 1014 1482 1222 1790 1102 1166 1329 1192 1552 1736 1744 1735 1174 1103 1645 1503 1249 1495 1450 1589 1639 1510 1118 1068 1194 1342 1930 1592 1359 1961 1080 1664 1450 1802 1442 1451 1146 BCNSPRNW ULIB Ver.6.0+V

เปลี่ยนเป็นภาษาไทย

Change to English
 แสดงรายละเอียดบรรณานุกรม
  กลับหน้าหลัก

Brief Record : Get Marc (ISO 2709) : E-mail record : QR code < ปิดหน้าต่าง
LEADER : 00000nam 2200000uu 4500
001    13399114209
003     ULIB
008    120305s2554||||th 000 0 tha d
020    ^a9789746521994
060 04 ^aWS100^bศ721ก
245 00 ^aกุมารเวชศาสตร์ทันยุค /^cบรรณาธิการ, ศุกระวรรณ อินทรขาว ...
250    ^aพิมพ์ครั้งที่ 1
260    ^aกรุงเทพฯ :^bสาขากุมารเวชศาสตร์ คณะแพทยศาสตร์^c2554
300    ^aviii, 348 หน้า :^bภาพประกอบ ;^c26 ซม.
650  4 ^aกุมารเวชศาสตร์
700 0  ^aศุกระวรรณ อินทรขาว,^eบรรณาธิการ
710 2  ^aมหาวิทยาลัยธรรมศาสตร์. ^bคณะแพทยศาสตร์.
945    ^p450^l0^i18866
995    ^aกัณชพร
999 ^a ใช้งานได้ทุกระบบ
รายการนี้ยังไม่มีแท็ก
คุณยังไม่ได้ล็อกอิน คุณสามารถมีกิจกรรมร่วมกับเว็บไซต์ได้ แต่ต้องล็อกอินก่อน ::
  ล็อกอิน

รายการสื่อสารสนเทศ

ลำดับที่ ประเภท เลขเรียก/บาร์โค้ด สถานที่ สถานะ
1. วิทยาศาสตร์การแพทย์ และสุขภาพ
วิทยาศาสตร์การแพทย์ และสุขภาพ
สถานะ=หนังสือเก่า
WS100 ศ721ก  
  Barcode: 18866
ห้องสมุดวิทยาเขตนครสวรรค์
►ส่วนจัดเก็บหนังสือเก่า นว.
บนชั้น
  ขอยืม

รายการใกล้เคียง
    หัวเรื่อง [กุมารเวชศาสตร์]

BibComment


ยังไม่เคยถูกคอมเมนท์

คอมเมนท์ทรัพยากรรายการนี้
  คอมเมนท์: กุมารเวชศาสตร์ทั..


 Copyright 2026. Bcnsprnw @Library